Normal view
MARC view
- Zakir, Abdur Razaq Khan
Entry Personal Name
001 - CONTROL NUMBER
- control field: 109653
003 - CONTROL NUMBER IDENTIFIER
- control field: NUST
005 - DATE AND TIME OF LATEST TRANSACTION
- control field: 20230228152831.0
008 - FIXED-LENGTH DATA ELEMENTS
- fixed length control field: 230228|| aca||aabn | a|a d
040 ## - CATALOGING SOURCE
- Original cataloging agency: NUST
- Transcribing agency: NUST
100 ## - HEADING--PERSONAL NAME
- Personal name: Zakir, Abdur Razaq Khan
670 ## - SOURCE DATA FOUND
- Source citation: Work cat.: (NUST)188057: Zakir, Abdur Razaq Khan, Sertaan / سرطان (کینسر) بچاؤ کے طریقے (Urdu) /, 1995
